| 000 | 01602cam a2200469 a 4500 | ||
|---|---|---|---|
| 001 | 11908267 | ||
| 003 | OSt | ||
| 005 | 20140310184247.0 | ||
| 008 | 000210s2000 nyua c 000 1 eng | ||
| 010 | _a 00024216 | ||
| 020 | _a0439112109 | ||
| 040 |
_aDLC _cDLC _dDLC |
||
| 042 | _alcac | ||
| 043 | _af-ao--- | ||
| 050 | 0 | 0 |
_aPZ 7 _b.M478693Nz 2000 |
| 100 | 1 |
_aMcKissack, Pat, _d1944- _926710 |
|
| 245 | 1 | 0 |
_aNzingha, warrior queen of Matamba / _cby Patricia McKissack. |
| 260 |
_aNew York : _bScholastic, _c2000. |
||
| 300 |
_a136 p. : _bill. ; _c19 cm. |
||
| 440 | 4 |
_aThe royal diaries _917275 |
|
| 521 | _aG5 | ||
| 526 | _c750 | ||
| 600 | 0 | 0 |
_aNzinga, _cQueen of Matamba, _d1582-1663 _vJuvenile fiction. _926711 |
| 600 | 0 | 1 |
_aNzinga, _cQueen of Matamba, _d1582-1663 _vFiction. _926712 |
| 650 | 1 |
_aPrincesses _vFiction. _926713 |
|
| 650 | 1 |
_aBlacks _zAngola _vFiction. _926714 |
|
| 650 | 1 |
_aMbundu (African people) _vFiction. _926715 |
|
| 650 | 1 |
_aSlave trade _vFiction. _926716 |
|
| 650 | 1 |
_aSex role _vFiction. _926717 |
|
| 650 | 1 |
_aDiaries _vFiction. _926718 |
|
| 651 | 0 |
_aAngola _xHistory _y1482-1648 _vJuvenile fiction. _926719 |
|
| 651 | 1 |
_aAngola _xHistory _y1482-1648 _vFiction. _926720 |
|
| 856 | 4 | 2 |
_3Book review (H-Net) _uhttp://www.h-net.org/review/hrev-a0c2c8-aa |
| 906 |
_a7 _bcbc _corignew _d1 _eocip _f20 _gy-gencatlg |
||
| 942 |
_2lcc _cBK-SCHOLAS |
||
| 999 |
_c33329 _d33329 |
||